Training Analysis (Record no. 17864)
[ view plain ]
| 000 -LEADER | |
|---|---|
| fixed length control field | 00347nam a22001457a 4500 |
| 020 ## - INTERNATIONAL STANDARD BOOK NUMBER | |
| International Standard Book Number | 0 7112 2026 2 |
| 082 ## - DEWEY DECIMAL CLASSIFICATION NUMBER | |
| Classification number | 658.31 240 4 TUR |
| 100 ## - MAIN ENTRY--PERSONAL NAME | |
| Personal name | M.Turrell |
| 245 ## - TITLE STATEMENT | |
| Title | Training Analysis |
| 260 ## - PUBLICATION, DISTRIBUTION, ETC. | |
| Place of publication, distribution, etc. | Britain |
| Name of publisher, distributor, etc. | Macdonald and Evans |
| Date of publication, distribution, etc. | 1980 |
| 300 ## - PHYSICAL DESCRIPTION | |
| Extent | ix;132p. |
| Other physical details | ill;22cm |
| 500 ## - GENERAL NOTE | |
| General note | include;index |
| 650 ## - SUBJECT ADDED ENTRY--TOPICAL TERM | |
| Topical term or geographic name entry element | Traning analyisis |
| 942 ## - ADDED ENTRY ELEMENTS (KOHA) | |
| Koha item type | Books |
| Withdrawn status | Lost status | Source of classification or shelving scheme | Damaged status | Not for loan | Home library | Current library | Shelving location | Date acquired | Full call number | Barcode | Date last seen | Price effective from | Koha item type |
|---|---|---|---|---|---|---|---|---|---|---|---|---|---|
| Dewey Decimal Classification | IFM Main Campus Library | IFM Main Campus Library | 08/07/2017 | 658.31 240 4 TUR | 0000004811 | 08/07/2017 | 08/07/2017 | Books |
